Základy psychologie osobnosti
Salvato in:
| Autore principale: | |
|---|---|
| Natura: | Libro |
| Lingua: | ceco |
| Pubblicazione: |
Praha
Management Press
1993
|
| Edizione: | 1. vyd. |
| Soggetti: | |
| Accesso online: | Visualizza in OPAC |
| Tags: |
Nessun Tag, puoi essere il primo ad aggiungerne!!
|
MARC
| LEADER | 00000nam a2200000 a 4500 | ||
|---|---|---|---|
| 005 | 20260127134256.0 | ||
| 008 | 050411s1993 xr 010 0 cze c | ||
| 020 | |a 8085603349 | ||
| 035 | |a vtls008166979 | ||
| 035 | |a SPKKN3428 | ||
| 039 | 9 | |a 201011080939 |b msvkbb05 |c 201011080936 |d msvkbb05 |c 200810020852 |d mschk03 |c 200508081240 |d mspk03 |y 200506290838 |z VLOAD | |
| 040 | |a SPKKN |b slo |c SNK |d SPK |d STUSCHK1 |d SVKBB |e AACR2 | ||
| 041 | |a cze | ||
| 044 | |a xr |c CZ | ||
| 072 | 7 | |a 159.92 |x Vývinová psychológia, Psychológia osobnosti |2 konspekt | |
| 080 | |a 159.923 |2 2001 | ||
| 080 | |a (048.8) |2 2001 | ||
| 100 | 1 | |a Nakonečný, Milan, |d 1932- |9 729 | |
| 245 | 1 | 0 | |a Základy psychologie osobnosti |c Milan Nakonečný |
| 250 | |a 1. vyd. | ||
| 260 | |a Praha |b Management Press |c 1993 | ||
| 300 | |a 232 s. |b lit., reg. |c 19 cm | ||
| 504 | |a Literatúra na s. 225 ; menný na vecný register | ||
| 650 | 0 | 7 | |a psychológia osobnosti |2 SNKPH |
| 650 | 0 | 7 | |a Psychology of personality |2 SNKPHeng |
| 655 | 7 | |a štúdie |2 SNKPH | |
| 655 | 7 | |a Studies |2 SNKPHeng | |
| 910 | |a spkonkat | ||
| 910 | |a SCHK95 | ||
| 910 | |a svkbb | ||
| 919 | |a 80-85603-34-9 | ||
| 999 | |c 8496 |d 8496 | ||
| 942 | 0 | 0 | |0 1 |